Lamanna Storia della filosofia

Salvato in:
Dettagli Bibliografici
Autore principale: E.P0aolo Lamanna
Natura: Libro
Lingua:lingua imprecisata
Pubblicazione: Felice Le Monnier
Tags: Aggiungi Tag
Nessun Tag, puoi essere il primo ad aggiungerne!!

MARC

LEADER 00000nam a2200000Ia 4500
001 R-1408
003 CODICE-MESSINA
005 20260212102507.0
008 260211s9999 xx 000 0 und d
040 |c importazione_messina 
100 |a E.P0aolo Lamanna 
245 0 |a Lamanna 
245 0 |b Storia della filosofia 
260 |b Felice Le Monnier 
942 |2 ddc  |c BK 
952 |0 0  |1 0  |2 ddc  |4 0  |6 SCAFFALE_13_000000000000000__LETTERATURA  |7 0  |9 32244  |a ME  |b ME  |d 2026-02-11  |l 0  |o SCAFFALE 13 - LETTERATURA  |p R-1408  |r 2026-02-11 23:53:03  |w 2026-02-11  |x [REVISIONARE]  |y BK 
999 |c 27911  |d 27911